Loading...
| Fine Arts - Visual Fine Arts | 1 | 6 | 0 | 0 | 75 | 63 | 119.14 | 2 | 6 |
| Literature - European Literature | 2 | 4 | 1 | 1 | 65 | 58 | 117.83 | 2 | 5 |
| Literature - British Literature | 1 | 1 | 0 | 0 | 25 | 77 | 94.50 | 2 | 2 |
| Literature - World Literature | 0 | 3 | 2 | 1 | 20 | 122 | 139.00 | 1 | 3 |
| History - Ancient/Other History | 1 | 1 | 1 | 0 | 20 | 80 | 101.00 | 1 | 1 |
| Literature - American Literature | 0 | 2 | 0 | 1 | 20 | 147 | 153.00 | 0 | 1 |
| Social Science | 0 | 2 | 1 | 0 | 15 | 95 | 96.00 | 2 | 2 |
| Philosophy | 1 | 0 | 0 | 0 | 15 | 78 | 78.00 | 0 | 1 |
| Science - Other Science | 0 | 1 | 1 | 0 | 5 | 86 | 86.00 | 1 | 1 |
| History - European History | 1 | 0 | 2 | 0 | 5 | 32 | 32.00 | 1 | 1 |
| Geography | 0 | 0 | 1 | 0 | -5 | 0.00 | 0 | 0 | |
| Fine Arts - Other Fine Arts | 0 | 0 | 2 | 0 | -10 | 0.00 | 0 | 0 |